| 000 | 00568nam a2200205Ia 4500 | ||
|---|---|---|---|
| 003 | GCL | ||
| 008 | 140319s9999 xx 000 0 eng d | ||
| 040 |
_aGCL / _cGCL |
||
| 082 | 0 | 4 |
_aP _b631.583 _bS R |
| 100 | 1 | _aSOFAGRI | |
| 245 | 1 | 0 |
_aREGIONAL CONSULTATVE MEETING ON GREENHOUSE PRODUCTION IN THE MEDITERRANEAN REGION / _cSOFAGRI |
| 260 |
_a[S.N] : _bNO SERES ، _c1993 |
||
| 300 | _a319 P | ||
| 650 | 0 | 4 | _aMEDITERRANEAN SEA |
| 650 | 0 | 4 | _aPRODUCTION AND DIRCTION |
| 650 | 0 | 4 | _aDEVELOPMENT |
| 650 | 0 | 4 | _aPERIODICALS |
| 650 | 0 | 4 | _aPROCEEDINGS |
| 942 |
_2ddc _cCR |
||
| 999 |
_c25862 _d25862 |
||